Principios de contabilidad (Registro nro. 4946)
[ vista simple ]
| 000 -CABECERA | |
|---|---|
| campo de control de longitud fija | 01102aam a2200361 4500 |
| 005 - FECHA Y HORA DE ACTUALIZACIÓN | |
| campo de control | 20191021100518.0 |
| 008 - LONGITUD FIJA | |
| campo de control de longitud fija | 150421b xxu||||| |||| 00| 0 spa d |
| 041 ## - IDIOMA | |
| Código de idioma del texto/pista de sonido o título separado | |
| 082 ## - CLASIFICACIÓN DECIMAL DEWEY | |
| Número de clasificación | 657 R763p3 |
| 100 ## - AUTOR PERSONAL | |
| Nombre de persona | Romero, Javier |
| 245 ## - TÍTULO PROPIAMENTE DICHO | |
| Título | Principios de contabilidad |
| 250 ## - EDICIÓN | |
| Mención de edición | 3 edición |
| 260 ## - PIE DE IMPRENTA | |
| Lugar de publicación, distribución, etc. | México |
| Nombre del editor, distribuidor, etc. | McGraw-Hill |
| Fecha de publicación, distribución, etc. | 2006 |
| 300 ## - DESCRIPCIÓN FÍSICA | |
| Extensión | 761 páginas |
| 505 ## - Nota de Contenido | |
| Nota de contenido | Contiene disco compacto N° 496 |
| 650 ## - Materia General | |
| Materia general | CONTABILIDAD |
| 650 ## - Materia General | |
| Materia general | CONTABILIDAD PUBLICA |
| 650 ## - Materia General | |
| Materia general | CONTABILIDAD FINANCIERA |
| 650 ## - Materia General | |
| Materia general | METODOLOGÍA DE ESTUDIO |
| 650 ## - Materia General | |
| Materia general | NORMAS DE INFORMACIÓN FINANCIERA |
| 650 ## - Materia General | |
| Materia general | ESTADOS FINANCIEROS |
| 650 ## - Materia General | |
| Materia general | CUENTAS |
| 650 ## - Materia General | |
| Materia general | ESTRUCTURA FINANCIERA |
| 650 ## - Materia General | |
| Materia general | ACTIVOS |
| 650 ## - Materia General | |
| Materia general | PASIVOS |
| 650 ## - Materia General | |
| Materia general | PROVEEDORES |
| 650 ## - Materia General | |
| Materia general | CAPITAL SOCIAL |
| 650 ## - Materia General | |
| Materia general | TEORÍA DE LA PARTIDA DOBLE |
| 650 ## - Materia General | |
| Materia general | COMPRA Y VENTA DE MERCANCIAS |
| 650 ## - Materia General | |
| Materia general | TRANSACCIONES FINANCIERAS |
| 650 ## - Materia General | |
| Materia general | METODOS ELECTRÓNICOS |
| 942 ## - Punto de Acceso Adicional Koha | |
| Tipo de ítem Koha | Libro |
| Estado perdido | Estado dañado | No para préstamo | Biblioteca permanente | Biblioteca actual | Signatura completa | Código de barras | Precio efectivo a partir del | Tipo de ítem |
|---|---|---|---|---|---|---|---|---|
| Departamento de Biblioteca y Documentación Alfonso Chase Brenes | Departamento de Biblioteca y Documentación Alfonso Chase Brenes | 657 R763p3 | 13822 | 26/01/2017 | Libro | |||
| Departamento de Biblioteca y Documentación Alfonso Chase Brenes | Departamento de Biblioteca y Documentación Alfonso Chase Brenes | 657 R763p3 | 13823 | 26/01/2017 | Libro | |||
| Departamento de Biblioteca y Documentación Alfonso Chase Brenes | Departamento de Biblioteca y Documentación Alfonso Chase Brenes | 657 R763p3 | 13824 | 26/01/2017 | Libro | |||
| Departamento de Biblioteca y Documentación Alfonso Chase Brenes | Departamento de Biblioteca y Documentación Alfonso Chase Brenes | 657 R763p3 | 496ADC | Disco Compacto | ||||
| Departamento de Biblioteca y Documentación Alfonso Chase Brenes | Departamento de Biblioteca y Documentación Alfonso Chase Brenes | 657 R763p3 | 496BDC | Disco Compacto | ||||
| Departamento de Biblioteca y Documentación Alfonso Chase Brenes | Departamento de Biblioteca y Documentación Alfonso Chase Brenes | 657 R763p3 | 496CDC | Disco Compacto |